000 00440nam a2200181 i 4500
001 bgj
100 1 _aJAMES, P. D.
245 1 0 _aUnnatural causes /
_cP. D. James.
260 _aLondon :
_bSphere Books Ltd.,
_c1981.
300 _a217, [1] pp ;
_c18 cm.
650 9 _aMystery fiction
020 _a0722150938
040 _cBPK
041 0 _aeng
920 _a0-7221-5093-8
942 _cKS
008 s uk f |000 0 eng
999 _c48693
_d48693
856 _uhttp://koha.tu.koszalin.pl/cgi-bin/koha/opac-detail.pl?biblionumber=48693
_yKatalog online BPK